Kaleedul Kitab ( A Concordance to the Old and New Testament (Record no. 881)

MARC details
000 -LEADER
fixed length control field 00603nam a2200241 a 4500
020 ## - INTERNATIONAL STANDARD BOOK NUMBER
ISBN
082 00 - DEWEY DECIMAL CLASSIFICATION NUMBER
Classification number 220.03
Author Cutter SIN
100 ## - MAIN ENTRY--AUTHOR NAME
Author name Singh, M C
245 ## - TITLE STATEMENT
Title Kaleedul Kitab ( A Concordance to the Old and New Testament
260 ## - PUBLICATION, DISTRIBUTION, ETC. (IMPRINT)
Place of publication Lucknow
Name of publisher Lucknow Publishing House
Year of publication 1958
300 ## - PHYSICAL DESCRIPTION
Number of Pages 1331p
500 ## - GENERAL NOTE
General note includes index and biblioraphy
505 2# - FORMATTED CONTENTS NOTE
Formatted contents note bibl
650 ## - SUBJECT ADDED ENTRY--TOPICAL TERM
Topical Term Bible-Concordance
942 ## - ADDED ENTRY ELEMENTS (KOHA)
Koha item type Books
700 1# -
-- Singh, M C
Holdings
Collection code Home library Current library Date acquired Cost, normal purchase price Full call number Accession Number Koha item type
  Henry Martyn Institute Library Henry Martyn Institute Library 06/14/2007 100.00 220.03 SIN 03921 Books
                   Copyright © 2026 | Henry Martyn Institute | Hyderabad | TS-500052 | INDIA | Implemented by hmi.edu.in
Hit-Count:

Powered by Koha